000 01355nam a22003857a 4500
003 CHAP
005 20220817044214.0
008 080326d2007 uk r 00110 eng d
010 _a94643
011 _a95615
020 _a9781844074686
035 _a106243
040 _cCHAP
082 0 0 _a338.9
_bG57
100 1 _aGiuliani, Alessandra
_948219
245 1 0 _aDeveloping markets for agrobiodiversity :
_bsecuring livelihoods in dryland areas
_c/ by Alessandra Giuliani
260 _aLondon :
_bEarthscan,
_c2007
300 _axvi, 126 p. :
_bilus. ; gráfs. ; cuadros
490 0 _aEarthscan research editions
590 _aBATCH-UPD
_b10
_c20130110
_lUCH01
_h0204
590 _aBATCH-UPD
_b10
_c20130110
_lUCH01
_h0804
590 _aBATCH-UPD
_b10
_c20130409
_lUCH01
_h2215
590 _aBATCH-UPD
_b10
_c20130410
_lUCH01
_h0811
590 _aBATCH-UPD
_b10
_c20130913
_lUCH01
_h2021
590 _aCONVERSION
_b10
_c20130109
_lUCH01
_h1352
650 1 4 _aAgricultura
_xAspectos económicos
_zSiria.
_91314
650 1 4 _aAgricultura
_xSiria.
_91795
650 1 4 _aBiodiversidad.
_912724
650 1 4 _aPolítica económica.
650 1 4 _aProductos agrícolas
_xMercadeo.
_991951
830 0 _aEarthscan research editions
_934993
901 _aBK
942 _cLIBRO
949 _a338.9 G57
_bBC
_cLIBRO
_d33724002053421
_eLIBRO
_g235637
_h109275
_i106243
_sb
_t$1281.15
999 _c94643
_d94643